000 00825nam a22002297a 4500
003 UA-OsUOA
001 47585
007 ta
008 20120713b un ||||| |||| 00| 0 ukr d
090 _a050
_bБ98
942 _cBR
040 _aUA-OsUOA
_bukr
_cUA-OsUOA
_dUA-OsUOA
245 _aБюлетень Комітету приятелів академічної гімназії у Львові.
300 _a16 с.
955 _a4
041 _aukr
080 _a050
260 _cгрудень 2007
650 7 _a050 Серійні публікації. Періодика галузі, Організація та інші типи поєднання (співробітництва)
_2UDC
999 _c427692
_d427692